| 000 | 00615nam a2200205 a 4500 | ||
|---|---|---|---|
| 003 | MX-MxUPN | ||
| 005 | 20240821104050.0 | ||
| 008 | 991125s1948 mx r 000 0 spa d | ||
| 035 | _aUPN01000001849 | ||
| 040 |
_aMX-MxUPN _bspa _cMX-MxUPN |
||
| 041 | 0 | _aspa | |
| 050 | 1 | 4 |
_aPQ7297 G63 _bA5 |
| 100 | 1 |
_aGonzález Peña, Carlos, _d1885-1955 _928395 |
|
| 245 | 1 | 3 | _aEl alma y la máscara |
| 260 |
_aMéxico : _bStylo, _c1948. |
||
| 300 | _a279 páginas | ||
| 650 | 4 |
_aNovela mexicana _94557 |
|
| 710 | 2 |
_aInstituto Federal de Capacitación del Magisterio (México) _928505 _epropietario anterior |
|
| 942 |
_2lcc _cLIBRO |
||
| 999 |
_c1849 _d1849 |
||